书目信息 |
| 题名: |
环境政策分析
|
|
| 作者: | 宋国君 著 | |
| 分册: | ||
| 出版信息: | 化学工业 2008.09 |
|
| 页数: | 249页 | |
| 开本: | 20cm | |
| 丛书名: | ||
| 单 册: | ||
| 中图分类: | X-021 | |
| 科图分类: | ||
| 主题词: | 环境科学 , 安全科学 , 劳动保护 | |
| 电子资源: | ||
| ISBN: | 978-7-122-03302-4 | |
| 000 | 00589nam0 2200229 45 | |
| 001 | 0930687390 | |
| 005 | 20091013083209.87 | |
| 010 | @a978-7-122-03302-4@dCNY39.80 | |
| 100 | @a20090515d2008 ekmy0 y0120 ea | |
| 102 | @aCN@b130000 | |
| 105 | @ay z 000yy | |
| 200 | 1 | @a环境政策分析@f宋国君等著@Fsong guo jun deng zhu |
| 210 | @c化学工业@d2008.09 | |
| 215 | @a249页@d20cm | |
| 606 | 0 | @a环境科学 |
| 606 | 0 | @a安全科学 |
| 606 | 0 | @a劳动保护 |
| 690 | @aX-021@v4 | |
| 701 | 0 | @a宋国君@Asong guo jun@4著 |
| 801 | 0 | @aCN@c20091013 |
| 905 | @a10447@dX-021@eS760 | |
| 906 | @d40@n3@r1 | |
| 环境政策分析/宋国君等著.-化学工业,2008.09 |
| 249页;20cm |
| ISBN 978-7-122-03302-4:CNY39.80 |
| ● |
| 相关链接 |
|
|
|
正题名:环境政策分析
索取号:X-021/S760
 
预约/预借
| 序号 | 登录号 | 条形码 | 馆藏地/架位号 | 状态 | 备注 |
| 1 | 891782 | 208917822 | 自科库501/501自科库 60排3列5层/ [索取号:X-021/S760] | 在馆 | |
| 2 | 891783 | 208917831 | 自科库501/501自科库 60排3列5层/ [索取号:X-021/S760] | 在馆 |